000 00824nam a22002537a 4500
003 BD-DhJNU
005 20250430065305.0
008 250430b |||||||| |||| 00| 0 eng d
020 _a9789845061605
040 _aBD-DhJNU
_bENG
_cBD-DhJNU
_dBD-DhJNU
082 _223
_a339.46095492 POV
100 _aOsmani, Siddiqur Rahman
245 _aPoverty and vulnerability in rural Bangladesh /
_cS.R. Osmani ...[et al.].
260 _aDhaka :
_bThe University Press,
_c2015.
300 _axvi, 236p. :
_bill. ;
_c24 cm.
504 _aIncludes bibliographical references and index
650 _aRural poor
_xBangladesh
650 _aIncome distribution
_xBangladesh
650 _aBangladesh
_xRural conditions
700 _aAhmed, Meherun
700 _aLatif, Muhammad A
700 _aSen, Binayak
942 _2ddc
_cBK
_n0
999 _c1645
_d1645